• 首页
  • 本馆介绍
  • 公告通知
  • 最新文献
  • 馆藏检索
  • 电子资源
  • 读者导购
  • 参考咨询
  • 我的图书馆
  • 登录
  • 详细信息显示
  • 放入我的书架
  • 预约/预借图书
  • 作者相关作品
  • 分类相关作品
  • 丛书相关作品
  • 出版社相关作品

书目信息

  • 表格格式
  • 工作单格式
  • 卡片格式
题名:
集韵
    
 
作者: 丁度 编
分册: 四  
出版信息: 上海   上海古籍出版社  1983.12
页数: 1册
开本: 19.5*14.7cm
丛书名:
单 册:
中图分类: H113.4
科图分类:
主题词: 汉语--语音 , 汉语--音韵学
电子资源:
ISBN:
000 00720nam0 2200241 450
001 0629822000
005 20061020082939.32
010    @b线装@dCNY32.00(函)
100    @a20061020d1983 km y0chiy0120 ea
101 0  @achi
102    @aCN@b310000
200 1  @a集韵@Aji yun@h四@f(宋)丁度等编@F(song)ding du deng bian
205    @b影印本
210    @a上海@b上海瑞金二路二七二号@c上海古籍出版社@d1983.12
215    @a1册@d19.5*14.7cm
300    @a一至五册为一函,共十卷
305    @a本书据上海图书馆藏述古堂影宋抄本影印,原书版框高二四五毫米宽一七八毫米
606 0  @a汉语@x语音
606 0  @a汉语@x音韵学
690    @aH113.4@v3
701  0 @a丁度@Ading du@4编
801  0 @aCN@bPFT@c20061020
905    @a10447@dH113.4@e12:4
    
    集韵.四/(宋)丁度等编.-影印本.-上海(上海瑞金二路二七二号):上海古籍出版社,1983.12
    1册;19.5*14.7cm
    一至五册为一函,共十卷
    
    ISBN (线装):CNY32.00(函)
    
●
相关链接 在E读中查询图书 在五车中查询图书 在当当中查询图书 在豆瓣中查询图书


正题名:集韵     索取号:H113.4/12:4         预约/预借

序号 登录号 条形码 馆藏地/架位号 状态 备注
1 0118825   202407626   古籍典藏专区/ [索取号:H113.4/12:4] 在馆    
2 0118826   202407573   古籍典藏专区/ [索取号:H113.4/12:4] 在馆    
3 0266359   202407396   古籍典藏专区/ [索取号:H113.4/12:4] 在馆    
4 0266364   202407387   古籍典藏专区/ [索取号:H113.4/12:4] 在馆    
唐山师范学院图书馆 欢迎您!
大连网信软件有限公司© 版权所有